Music Band Ranking - Statistics

General Stats
  • This quiz has been taken 31 times
  • The average score is 25 of 100
Answer Stats
Answer % Correct
The Beatles
89%
Rolling Stones
82%
Nirvana
75%
Queen
75%
Metallica
71%
ACDC
68%
Pink Floyd
68%
Led Zeppelin
64%
Black Sabbath
54%
The Who
54%
U2
54%
Beach Boys
50%
Green Day
50%
Red Hot Chili Peppers
50%
Aerosmith
46%
Bon Jovi
46%
The Eagles
46%
Def Leppard
43%
Fleetwood Mac
43%
Radiohead
43%
The Police
43%
The Smiths
43%
Van Halen
43%
Guns N' Roses
39%
Rush
39%
The Doors
39%
Coldplay
36%
Pearl Jam
36%
The Ramones
36%
Genesis
32%
Iron Maiden
32%
Journey
32%
Smashing Pumpkins
32%
Soundgarden
32%
The Clash
32%
The Cure
32%
Foo Fighters
29%
The Band
29%
The Kinks
29%
Grateful Dead
25%
INXS
25%
Lynyrd Skynyrd
25%
R.E.M.
25%
The Killers
25%
Alice in Chains
21%
Blink-182
21%
Creedence Clearwater Revival
21%
The Cranberries
21%
Tom Petty and the Heartbreakers
21%
Velvet Underground
21%
Beastie Boys
18%
Stone Temple Pilots
18%
Talking Heads
18%
The White Stripes
18%
Toto
18%
Bob Dylan
14%
David Bowie
14%
Prince
14%
Rage Against The Machine
14%
The Cars
14%
The Stooges
14%
The Yardbirds
14%
Cheap Trick
11%
Crosby, Stills, Nash & Young
11%
Kings of Leon
11%
Nine Inch Nails
11%
Slayer
11%
Sly & The Family Stone
11%
Steely Dan
11%
Allman Brothers Band
7%
Bruce Springsteen and The E Street Band
7%
Garbage
7%
Hole
7%
Jimi Hendrix Experience
7%
MC5
7%
Misfits
7%
No Doubt
7%
Santana
7%
Sonic Youth
7%
Steve Miller Band
7%
The Black Keys
7%
The Pixies
7%
Arcade Fire
4%
Funkadelic
4%
Joan Jett and the Blackhearts
4%
Little Richard and the Upsetters
4%
Phish
4%
The Replacements
4%
Veruca Salt
4%
Against Me
0%
Bikini Kill
0%
Jeff Lynne's Electric Light Orchestra
0%
Minor Threat
0%
REO Speedwagen
0%
Siouxsie and the Banshees
0%
Sleater-Kinney
0%
Superdrag
0%
The Go-Gos
0%
The Runaways
0%
Travelling Wilburys
0%
No matching quizzes found
Score Distribution
Percent of People with Each Score
Percentile by Number Answered
Your Score History
You have not taken this quiz